000 00531nam a22001937a 4500
003 MPLRDC
005 20220104124838.0
008 210129b ||||| |||| 00| 0 eng d
020 _a978-957-33-2522-2
082 _a867.57 SWA-2
100 _aVIKAS SWARUP
245 _a六个嫌疑犯
_c李仪芳 译
250 _a初版
260 _a台湾
_b皇冠文化出版有限公司
_c2009
300 _b511
490 _a皇冠丛书: 第3834种; CHOICE. 168
650 _a印度文学--长篇小说
942 _cBK
_o867.57 SWA-2
999 _c22618
_d22608